000 00269nam a2200097Ia 4500
082 _aTSO 896.39 KHOS
245 0 _aObesity and the media
100 _a O'CONNOR, Frances New York, 2009 1st ed
_981700
942 _cBK
008 210817s9999 xx 000 0 und d
999 _c292367
_d292366